00652nam a2200193Ia 4500952014300000999001700143003000400160005001700164008004100181020001400222040000900236082002000245100002300265245004500288260004800333300000900381650002200390942004600412 00102ddc40708POLITICAL SCIENCEaMESbMEScPOLd2019-02-20g10.00l0o320.0954 APP/Ip4274r2019-02-20 00:00:00w2019-02-20yBKzGL10R1 c34774d34774OSt20200201115204.0190216s9999||||xx |||||||||||||| ||und|| a195600223 coclc a320.0954bAPP/I aAppadorai, A91753 0aIndian Political Thinking /cA Appadorai bOxford University Press,c1971.aNew Delhi: a189p aPolitical Science cBK2ddch320.0954iAPP/Ik320.0954mAPP/I